000
00250 a2200097 4500
001
41800
100
_a
Compton's
245
_a
Compton's Pictured Encyclopedia & Fact Index (Vol-VII)
260
_a
Chicago
_b
F E Compton & Co.
_c
090
_c
25911
_d
25911
942
_a
NUST-CAE
_c
M
_c
17682
999
_c
276873
_d
276873